De la Organizacion de los Tribunales de España / (Record no. 190104)

MARC details
000 -LEADER
campo de control de longitud fija 00378nam a2200133 i 4500
001 - NÚMERO DE CONTROL
campo de control 190104
003 - IDENTIFICADOR DE NÚMERO DE CONTROL
campo de control ES-MaACL
005 - FECHA Y HORA DE LA ÚLTIMA TRANSACCIÓN
campo de control 20230906223637.0
008 - DATOS DE LONGITUD FIJA--INFORMACIÓN GENERAL
campo de control de longitud fija 200729s1844 sp |||| | spa d
245 00 - MENCIÓN DEL TÍTULO
Título De la Organizacion de los Tribunales de España /
Mención de responsabilidad, etc. por M.
260 ## - PUBLICACIÓN, DISTRIBUCIÓN, ETC.
Lugar de publicación, distribución, etc. Madrid :
Nombre del editor, distribuidor, etc. [s.n.],
Fecha de publicación, distribución, etc. 1844.
650 04 - PUNTO DE ACCESO ADICIONAL DE MATERIA--TÉRMINO DE MATERIA
Término de materia o nombre geográfico como elemento de entrada Tribunales-
Subdivisión geográfica España.
9 (RLIN) 17646
852 ## - LOCALIZACIÓN
Ubicación ES-MaACL
Número de control de estantería T-801-F-5
Holdings
Estatus retirado Estado de pérdida Estado de daño No para préstamo Colección Biblioteca de origen Biblioteca actual Ubicación en estantería Fecha de adquisición Fuente de adquisición Total de préstamos Signatura topográfica completa Código de barras Visto por última vez Precio de reemplazo Tipo de ítem Koha
        Colección de folletos Biblioteca del Ateneo de Madrid Biblioteca del Ateneo de Madrid Depósito folletos 02/04/2005     T-801-F-5 1201792 23/02/2023 23/02/2023 Folleto